000 00527nam a2200205Ia 4500
003 GCL
008 140319s9999 xx 000 0 eng d
040 _aGCL /
_cGCL
082 0 4 _a892.76
_bA M
100 1 _aCACHIA, PIERRE
245 1 0 _aMY PARENTS /
_cCACHIA, PIERRE
700 1 _aAL-HAKIM, TAUFIQU
260 _a[S.N] :
_bTHE AMERICAN UNIVERSITY IN CAIRO PRESS ،
_c1992
300 _a55 P
650 0 4 _aLITERATURE
650 0 4 _aARABIC LITERATURE
650 0 4 _aFICTION
650 0 4 _aARABIC FICTION
942 _2ddc
_cBK
999 _c15295
_d15295